000 00729nam a22002177a 4500
999 _c12920
_d12920
003 AR-CdUCM
008 190410b ||||| |||| 00| 0 spa d
040 _aMUNICIPALIDAD PROVINCIAL DEL CUSCO
_cBIBLIOTECA MUNICIPAL DEL CUSCO
082 _a868.39 /
_bF61
100 _aFlores, Ángel
_931048
245 _aVida de Lope de Vega /
260 _aBuenos Aires :
_bLosada,
_c1948.
300 _a152 páginas ;
_c18 cm.
505 _aContenido : Aprendiendo andar -- Alma mater -- Una helena y un asedio -- Firmeza, tienes nombre de mujer ...
650 _aLiteratura
_983
650 _aEspañola
_924066
650 _aUniversal
_918236
700 _aTorre, Guillermo
_931049
942 _2ddc
_cLIBROS
945 _arah
_d10/04/2019